[Event "XXV Festival Conca della Presolana A"]
[Site "Bratto - Castione della Presolana ITA"]
[Date "2005.08.23"]
[Round "4"]
[White "Dervishi, Erald"]
[Black "Lanzani, Mario"]
[Result "1-0"]
[WhiteElo "2482"]
[BlackElo "2356"]
[PlyCount "47"]
[EventDate "2005.08.20"]

1. e4 e5 2. Nf3 Nc6 3. Bb5 Nf6 4. O-O Nxe4 5. d4 Be7 6. Qe2 Nd6 7. Bxc6 dxc6 8.
dxe5 Nf5 9. Rd1 Bd7 10. Nc3 O-O 11. Ne4 Qc8 12. b3 c5 13. Bg5 Bxg5 14. Nxc5 Bc6
15. Nxg5 h6 16. Nf3 b6 17. Ne4 Re8 18. Re1 Qe6 19. Rad1 Rad8 20. Rxd8 Rxd8 21.
Ng3 Nd4 22. Nxd4 Rxd4 23. f3 Qd5 24. Nf5 1-0

[Event "XXV Festival Conca della Presolana A"]
[Site "Bratto - Castione della Presolana ITA"]
[Date "2005.08.23"]
[Round "4"]
[White "Drazic, Sinisa"]
[Black "Vocaturo, Daniele"]
[Result "1/2-1/2"]
[WhiteElo "2497"]
[BlackElo "2372"]
[PlyCount "86"]
[EventDate "2005.08.20"]

1. d4 Nf6 2. Nf3 g6 3. Bg5 Bg7 4. Nbd2 O-O 5. c3 d6 6. e4 Nbd7 7. Bd3 e5 8. O-O
h6 9. Bh4 b6 10. Re1 Bb7 11. a4 a6 12. Qc2 Qe8 13. Nc4 Nh5 14. Ne3 Nf4 15. Bc4
exd4 16. Nd5 Nxd5 17. exd5 Qc8 18. cxd4 Nf6 19. Bxf6 Bxf6 20. h3 Qd7 21. Qd3
Rfe8 22. b3 Qf5 23. Rxe8+ Rxe8 24. Qxf5 gxf5 25. b4 Re7 26. Kf1 Kf8 27. Ra3 Re4
28. b5 a5 29. Re3 Bg5 30. Rc3 Bf6 31. Bb3 Re7 32. Re3 Bg5 33. Rc3 Bf6 34. g3
Ke8 35. Re3 Bc8 36. Kg2 Kd8 37. Bc2 Bb7 38. Bb3 Bc8 39. Bc4 Re8 40. Rxe8+ Kxe8
41. Bd3 Bb7 42. Bc4 Bc8 43. Bd3 Bb7 1/2-1/2

[Event "XXV Festival Conca della Presolana A"]
[Site "Bratto - Castione della Presolana ITA"]
[Date "2005.08.23"]
[Round "4"]
[White "Dvirnyy, Danyyil"]
[Black "Manzoni, Alessandro"]
[Result "1-0"]
[WhiteElo "2141"]
[BlackElo "2086"]
[PlyCount "79"]
[EventDate "2005.08.20"]

1. e4 d6 2. d4 Nf6 3. Nc3 g6 4. f4 Bg7 5. Nf3 c5 6. Be2 O-O 7. O-O cxd4 8. Nxd4
Nc6 9. Nb3 a6 10. Bf3 h5 11. Nd5 e6 12. Nc3 Qc7 13. Be3 b5 14. a3 Bb7 15. Rf2
Rfd8 16. Rd2 Ne7 17. h3 d5 18. e5 Nd7 19. Qe2 Nf5 20. Bf2 Nb6 21. g4 hxg4 22.
hxg4 Ne7 23. Rd3 Nc4 24. Nd1 Nc6 25. g5 Qe7 26. Bc5 Qc7 27. Qf2 N6xe5 28. fxe5
Qxe5 29. Qh4 Qc7 30. Bg2 Nd6 31. Rh3 e5 32. Ne3 d4 33. Nd5 Bxd5 34. Bxd5 Rac8
35. Qh7+ Kf8 36. Rf1 Qxc5 37. Nxc5 Rxc5 38. Bxf7 Nxf7 39. Qxg6 Rd7 40. Rxf7+
1-0

[Event "XXV Festival Conca della Presolana A"]
[Site "Bratto - Castione della Presolana ITA"]
[Date "2005.08.23"]
[Round "4"]
[White "Fuggetta, Leonardo"]
[Black "Nardelli, Marco"]
[Result "1-0"]
[WhiteElo "2048"]
[BlackElo "2108"]
[PlyCount "97"]
[EventDate "2005.08.20"]

1. Nf3 Nf6 2. c4 b6 3. g3 c5 4. Bg2 Bb7 5. Nc3 g6 6. O-O Bg7 7. d4 cxd4 8. Qxd4
O-O 9. Qh4 d6 10. Bh6 Nbd7 11. Rfd1 Re8 12. Bxg7 Kxg7 13. e4 Qc7 14. b3 Rad8
15. Rac1 h6 16. Qf4 Qb8 17. Qe3 Nc5 18. Nd4 Ng4 19. Qe2 Ne5 20. f4 Nc6 21. Nf3
e6 22. Qb2 Kg8 23. b4 Nd7 24. g4 Ne7 25. Nb5 Nc8 26. Nc3 a6 27. a4 d5 28. Ne2
dxe4 29. Ne5 Nxe5 30. fxe5 Qc7 31. Ng3 Rxd1+ 32. Rxd1 Qxc4 33. Rd7 Bd5 34. Qf2
Rf8 35. Qe3 Qc6 36. Rxd5 exd5 37. Qxh6 Ne7 38. Qg5 Qe6 39. Nh5 Rc8 40. Nf6+ Kg7
41. Nh5+ Kf8 42. Qh6+ Ke8 43. Ng7+ Kd7 44. Nxe6 Kxe6 45. Qf4 Rc4 46. Qf6+ Kd7
47. Qxf7 Rxb4 48. g5 Rb3 49. Bxe4 1-0

[Event "XXV Festival Conca della Presolana A"]
[Site "Bratto - Castione della Presolana ITA"]
[Date "2005.08.23"]
[Round "4"]
[White "Gasperoni, Stefano"]
[Black "Capone, Vincenzo"]
[Result "1/2-1/2"]
[WhiteElo "2021"]
[BlackElo "2123"]
[PlyCount "51"]
[EventDate "2005.08.20"]

1. e4 e6 2. d4 d5 3. Nd2 c5 4. exd5 exd5 5. Ngf3 c4 6. c3 Bd6 7. b3 cxb3 8.
axb3 Bf5 9. Bb5+ Nc6 10. Qe2+ Nge7 11. O-O O-O 12. Bd3 Re8 13. Bxf5 Nxf5 14.
Qd3 Qd7 15. Ba3 Bxa3 16. Rxa3 Nd6 17. Raa1 Ne4 18. Rfe1 f5 19. h3 Re6 20. Ne5
Nxe5 21. dxe5 Qc6 22. f3 Nxc3 23. Qxf5 Nb5 24. Rac1 Qb6+ 25. Kh2 Rf8 26. Qd3
1/2-1/2

[Event "XXV Festival Conca della Presolana A"]
[Site "Bratto - Castione della Presolana ITA"]
[Date "2005.08.23"]
[Round "4"]
[White "Giretti Kanev, Jasen"]
[Black "Miatello, Alberto"]
[Result "1-0"]
[WhiteElo "2183"]
[BlackElo "2095"]
[PlyCount "127"]
[EventDate "2005.08.20"]

1. d4 Nf6 2. Nf3 g6 3. Bg5 Bg7 4. Nbd2 d5 5. e3 O-O 6. Bd3 Nbd7 7. O-O c5 8. c3
c4 9. Bc2 h6 10. Bh4 Re8 11. a4 Nh7 12. Qb1 Qb6 13. e4 e5 14. exd5 exd4 15.
cxd4 Qb4 16. a5 Ndf6 17. Ra4 Qd6 18. Rxc4 Qxd5 19. Rc5 Qd8 20. Re5 g5 21. Rxe8+
Qxe8 22. Bg3 Be6 23. Ne4 Bd5 24. Nd6 Qc6 25. Nf5 Bf8 26. Ne5 Qb5 27. b4 h5 28.
h4 Qxb4 29. Nh6+ Kg7 30. hxg5 Nxg5 31. Nf5+ Kh8 32. Qxb4 Bxb4 33. Nd3 Bxa5 34.
Be5 Ngh7 35. Nf4 Be6 36. Nxh5 Bd8 37. Nh6 Be7 38. Rb1 b6 39. g4 Rg8 40. Nxg8
Kxg8 41. Nxf6+ Nxf6 42. f3 Nd7 43. Bf4 Bf6 44. Rd1 Bc4 45. Kf2 a5 46. g5 Be7
47. Bc7 Bb4 48. Bf5 Be6 49. Be4 Bb3 50. Rh1 a4 51. Bc6 Nf8 52. Be5 Ng6 53. Bf6
Be7 54. Ra1 Bxf6 55. gxf6 Nf4 56. Bxa4 Bc4 57. Bc2 Bd3 58. Ke3 Bxc2 59. Kxf4 b5
60. Kg5 Kh7 61. Rh1+ Kg8 62. Rc1 Bd3 63. Kh6 Bc4 64. Ra1 1-0

[Event "XXV Festival Conca della Presolana A"]
[Site "Bratto - Castione della Presolana ITA"]
[Date "2005.08.23"]
[Round "4"]
[White "Gosio, Denis"]
[Black "Temi, Walter"]
[Result "1-0"]
[WhiteElo "2152"]
[BlackElo "2092"]
[PlyCount "81"]
[EventDate "2005.08.20"]

1. e4 b6 2. d4 Bb7 3. Bd3 e6 4. Nf3 c5 5. c3 d5 6. e5 Qd7 7. O-O Ba6 8. Bxa6
Nxa6 9. Qe2 Nc7 10. b3 Ne7 11. Ba3 Ng6 12. g3 Rc8 13. Nbd2 Nb5 14. Bb2 cxd4 15.
cxd4 Bb4 16. Rfc1 O-O 17. a4 Nc7 18. h4 Ne7 19. Bc3 Na6 20. Bb2 Qb7 21. Nf1 Nc6
22. Ne3 Na5 23. Qd1 Be7 24. Ng4 Nb4 25. Bc3 Nac6 26. h5 Qa6 27. h6 g6 28. Ne1
Rfd8 29. Qf3 Bf8 30. Rd1 Qb7 31. Kg2 Qe7 32. Nf6+ Kh8 33. Qf4 Rc7 34. Nf3 Rdc8
35. Ng5 Bxh6 36. Rh1 Nd3 37. Qh4 Qf8 38. Qxh6 Qxh6 39. Rxh6 Kg7 40. Rxh7+ Kf8
41. Rah1 1-0

[Event "XXV Festival Conca della Presolana A"]
[Site "Bratto - Castione della Presolana ITA"]
[Date "2005.08.23"]
[Round "4"]
[White "Gromovs, Sergejs"]
[Black "Bentivegna, Francesco"]
[Result "1-0"]
[WhiteElo "2375"]
[BlackElo "2225"]
[PlyCount "83"]
[EventDate "2005.08.20"]

1. d4 Nf6 2. Nf3 g6 3. c4 Bg7 4. Nc3 d5 5. Qb3 dxc4 6. Qxc4 O-O 7. Bf4 Bf5 8.
e3 Na6 9. Be2 c5 10. O-O Qa5 11. d5 Qb4 12. a3 Qxc4 13. Bxc4 Rfd8 14. Rfd1 h6
15. h3 Ne4 16. Nxe4 Bxe4 17. Ne5 Nb8 18. f3 Bxe5 19. Bxe5 Nd7 20. Bc7 Rdc8 21.
Bf4 Nb6 22. Ba2 Bc2 23. Rd2 Ba4 24. Bxh6 c4 25. Rc1 Bb3 26. Bb1 Na4 27. e4 b5
28. e5 c3 29. bxc3 Nxc3 30. d6 exd6 31. exd6 Be6 32. d7 Bxd7 33. Rxc3 Rxc3 34.
Rxd7 Rxa3 35. Be4 Rf8 36. Bd5 b4 37. Bxf8 Kxf8 38. Rxf7+ Ke8 39. Rb7 a5 40.
Bf7+ Kd8 41. Bxg6 b3 42. h4 1-0

[Event "XXV Festival Conca della Presolana A"]
[Site "Bratto - Castione della Presolana ITA"]
[Date "2005.08.23"]
[Round "4"]
[White "Groszpeter, Attila"]
[Black "Bellia, Fabrizio"]
[Result "1/2-1/2"]
[WhiteElo "2525"]
[BlackElo "2375"]
[PlyCount "91"]
[EventDate "2005.08.20"]

1. e4 e5 2. Nf3 Nc6 3. Bb5 a6 4. Ba4 Nf6 5. O-O Be7 6. Re1 b5 7. Bb3 d6 8. c3
O-O 9. h3 Bb7 10. d4 Re8 11. Nbd2 Bf8 12. d5 Nb8 13. Nf1 Nbd7 14. N3h2 Nc5 15.
Bc2 c6 16. b4 Ncd7 17. dxc6 Bxc6 18. Bg5 h6 19. Bxf6 Nxf6 20. Ng4 Nxg4 21. Qxg4
Qc8 22. Qf3 Bd7 23. Bb3 Be6 24. Bxe6 fxe6 25. a4 Qc6 26. axb5 axb5 27. Rxa8
Rxa8 28. Ng3 Ra7 29. Re3 Rf7 30. Qg4 Qd7 31. Nh5 Be7 32. Rf3 Bd8 33. Ng3 Bb6
34. Nf1 Rxf3 35. Qxf3 d5 36. Nd2 Qc6 37. Qd3 Qd7 38. Kf1 Qc6 39. Ke2 Ba7 40. g3
Bb6 41. Kf1 Bc7 42. Qe3 Bd6 43. Ke2 Qc7 44. Qd3 Qc6 45. Kd1 Bc7 46. Ke2 1/2-1/2

[Event "XXV Festival Conca della Presolana A"]
[Site "Bratto - Castione della Presolana ITA"]
[Date "2005.08.23"]
[Round "4"]
[White "Guido, Flavio"]
[Black "Sanchez, Joseph"]
[Result "0-1"]
[WhiteElo "2305"]
[BlackElo "2452"]
[PlyCount "76"]
[EventDate "2005.08.20"]

1. e4 c5 2. Nf3 d6 3. d4 cxd4 4. Nxd4 Nf6 5. Nc3 e6 6. Bc4 Nc6 7. Be3 Be7 8.
Qe2 Qc7 9. O-O-O a6 10. Bb3 b5 11. Nxc6 Qxc6 12. f3 Rb8 13. Ba7 Rb7 14. Bd4 O-O
15. g4 b4 16. Na4 e5 17. Be3 Be6 18. g5 Nh5 19. Qf2 Bxb3 20. axb3 f5 21. gxf6
Nxf6 22. Qg2 Rc8 23. Rhg1 Bf8 24. Kb1 d5 25. exd5 Nxd5 26. Rxd5 Qxd5 27. Nb6
Rxb6 28. Bxb6 Rc6 29. Bf2 Qd2 30. Bg3 Rxc2 31. Qxd2 Rxd2 32. Bxe5 Re2 33. f4
Rxh2 34. Rc1 h5 35. Rc8 Rd2 36. Rc6 h4 37. Kc1 Rg2 38. f5 Rg4 0-1

[Event "XXV Festival Conca della Presolana A"]
[Site "Bratto - Castione della Presolana ITA"]
[Date "2005.08.23"]
[Round "4"]
[White "Jones, Gawain C.B."]
[Black "Bresciani, Nicola"]
[Result "1-0"]
[WhiteElo "2442"]
[BlackElo "2289"]
[PlyCount "89"]
[EventDate "2005.08.20"]

1. e4 c5 2. Nc3 Nc6 3. Nf3 e5 4. Bb5 d6 5. d3 Be7 6. Nd5 Nf6 7. Nxe7 Qxe7 8. c3
O-O 9. Bg5 h6 10. Bh4 Nd8 11. Qd2 a6 12. Ba4 b5 13. Bc2 Ne6 14. O-O-O b4 15.
cxb4 Rb8 16. bxc5 g5 17. cxd6 Qb7 18. b3 gxh4 19. Qxh6 Ng4 20. Qxh4 Nf4 21.
Nxe5 Nxe5 22. Qxf4 Ng6 23. Qf6 Bd7 24. h4 Rfc8 25. h5 Qc6 26. Rd2 Nf8 27. h6
Qc3 28. Qxc3 Rxc3 29. d4 Rbc8 30. Kb2 a5 31. Bd3 R3c6 32. Bb5 Rxd6 33. e5 Rg6
34. Bxd7 Nxd7 35. f4 Kh7 36. f5 Rxh6 37. Rxh6+ Kxh6 38. e6 Nf8 39. d5 Kg5 40.
Rc2 Re8 41. Rc7 Kxf5 42. e7 Ng6 43. d6 Rh8 44. Rd7 Rc8 45. Ka3 1-0

[Event "XXV Festival Conca della Presolana A"]
[Site "Bratto - Castione della Presolana ITA"]
[Date "2005.08.23"]
[Round "4"]
[White "Khenkin, Igor"]
[Black "Contin, Daniel"]
[Result "1/2-1/2"]
[WhiteElo "2610"]
[BlackElo "2393"]
[PlyCount "42"]
[EventDate "2005.08.20"]

1. d4 e6 2. c4 Nf6 3. Nc3 Bb4 4. f3 d5 5. a3 Bxc3+ 6. bxc3 c5 7. cxd5 Nxd5 8.
dxc5 Qa5 9. e4 Ne7 10. Be3 O-O 11. Qb3 Qc7 12. Rd1 Nbc6 13. Ne2 e5 14. c4 f5
15. Nc3 fxe4 16. Nd5 Qa5+ 17. Bd2 Qd8 18. Bg5 Qa5+ 19. Bd2 Qd8 20. Bg5 Qa5+ 21.
Bd2 Qd8 1/2-1/2

[Event "XXV Festival Conca della Presolana A"]
[Site "Bratto - Castione della Presolana ITA"]
[Date "2005.08.23"]
[Round "4"]
[White "Kidane, Robel"]
[Black "Sax, Gyula"]
[Result "0-1"]
[WhiteElo "2120"]
[BlackElo "2568"]
[PlyCount "46"]
[EventDate "2005.08.20"]

1. e4 c5 2. Nf3 Nc6 3. d4 cxd4 4. Nxd4 Qc7 5. Nc3 e6 6. Be2 Nf6 7. O-O a6 8.
Kh1 Be7 9. f4 d6 10. Be3 O-O 11. Qe1 Nxd4 12. Bxd4 b5 13. Qg3 Bb7 14. Bf3 Ne8
15. e5 dxe5 16. Bxe5 Qc8 17. Ne4 f6 18. Bd4 Bd5 19. c3 Qc6 20. Rfe1 Rc8 21. b3
Qb7 22. Rad1 g6 23. Qf2 23... Rd8 {...} 0-1

[Event "XXV Festival Conca della Presolana A"]
[Site "Bratto - Castione della Presolana ITA"]
[Date "2005.08.23"]
[Round "4"]
[White "Lanzani, Giuliano"]
[Black "Virzi, Ettore"]
[Result "1/2-1/2"]
[WhiteElo "2074"]
[BlackElo "2008"]
[PlyCount "22"]
[EventDate "2005.08.20"]

1. e4 e5 2. Nf3 Nc6 3. Bb5 a6 4. Ba4 Nf6 5. O-O Be7 6. Re1 b5 7. Bb3 O-O 8. c3
d6 9. h3 Na5 10. Bc2 c5 11. a4 Qc7 1/2-1/2

[Event "XXV Festival Conca della Presolana A"]
[Site "Bratto - Castione della Presolana ITA"]
[Date "2005.08.23"]
[Round "4"]
[White "Lucaroni, Massimiliano"]
[Black "Bracali, Andrea"]
[Result "1-0"]
[WhiteElo "2318"]
[BlackElo "2119"]
[PlyCount "39"]
[EventDate "2005.08.20"]

1. e4 c6 2. d4 d5 3. Nc3 dxe4 4. Nxe4 Nd7 5. Nf3 Ngf6 6. Ng3 e6 7. Bd3 c5 8.
O-O cxd4 9. Nxd4 Bc5 10. c3 O-O 11. Re1 Qc7 12. Nh5 a6 13. Bg5 Be7 14. Nxg7
Kxg7 15. Rxe6 Bd8 16. Qf3 Qa5 17. Qf4 Kh8 18. Rxf6 Nxf6 19. Bxf6+ Bxf6 20. Qh6
1-0

[Event "XXV Festival Conca della Presolana A"]
[Site "Bratto - Castione della Presolana ITA"]
[Date "2005.08.23"]
[Round "4"]
[White "Magrini, Fabrizio"]
[Black "Ardaman, Miles"]
[Result "0-1"]
[WhiteElo "1996"]
[BlackElo "2308"]
[PlyCount "42"]
[EventDate "2005.08.20"]

1. e4 b6 2. d4 Bb7 3. Bd3 Nc6 4. c3 e5 5. d5 Nce7 6. f4 exf4 7. Bxf4 Ng6 8. Bg3
h5 9. h3 Qg5 10. Ne2 h4 11. Bxc7 Bc5 12. b4 Be3 13. Na3 Rc8 14. Nb5 Rxc7 15.
Nxc7+ Kd8 16. Nb5 Ne5 17. Rf1 Ba6 18. c4 Bxb5 19. cxb5 Qxg2 20. Nc1 Qg3+ 21.
Ke2 Bd4 0-1

[Event "XXV Festival Conca della Presolana A"]
[Site "Bratto - Castione della Presolana ITA"]
[Date "2005.08.23"]
[Round "4"]
[White "Mantovani, Renzo"]
[Black "Bonanno, Alessandro"]
[Result "1-0"]
[WhiteElo "2371"]
[BlackElo "2132"]
[PlyCount "73"]
[EventDate "2005.08.20"]

1. e4 c5 2. Nf3 Nc6 3. Bb5 g6 4. O-O Bg7 5. Re1 e5 6. d3 Nge7 7. a4 O-O 8. h3
h6 9. Nbd2 Kh7 10. Nc4 d6 11. a5 Nd4 12. Nxd4 cxd4 13. c3 d5 14. exd5 Qxd5 15.
Ba4 dxc3 16. bxc3 Bf5 17. Ba3 Bf6 18. Bxe7 Bxe7 19. Rxe5 Qxd3 20. Qxd3 Bxd3 21.
Nb2 Bf6 22. Nxd3 Bxe5 23. Nxe5 Rac8 24. Rb1 Rc7 25. c4 f6 26. Ng4 Rff7 27. Be8
Rf8 28. Bb5 a6 29. Ba4 Rff7 30. Rb6 Kg7 31. Ne3 Kf8 32. Bc2 Kg7 33. Be4 f5 34.
Bd5 Rfd7 35. g3 Re7 36. h4 Red7 37. h5 1-0

[Event "XXV Festival Conca della Presolana A"]
[Site "Bratto - Castione della Presolana ITA"]
[Date "2005.08.23"]
[Round "4"]
[White "Mazzariol, Oscar"]
[Black "Bonazzi, Edoardo"]
[Result "0-1"]
[WhiteElo "2078"]
[BlackElo "2143"]
[PlyCount "106"]
[EventDate "2005.08.20"]

1. e4 c6 2. d4 d5 3. exd5 cxd5 4. c4 Nf6 5. Nc3 e6 6. Bg5 Be7 7. Nf3 O-O 8. Bd3
dxc4 9. Bxc4 Nc6 10. O-O b6 11. a3 Bb7 12. Qd3 Nd5 13. Ne4 Bxg5 14. Nexg5 Nf6
15. Nxf7 Rxf7 16. Bxe6 Bc8 17. Bxf7+ Kxf7 18. Ng5+ Kg8 19. Rfe1 Bb7 20. Ne6 Qd6
21. b4 Nd8 22. Ng5 Nf7 23. Nf3 Rd8 24. Rad1 Qd5 25. Qe3 h6 26. h4 Qh5 27. Ne5
Nxe5 28. Qxe5 Qg6 29. g3 Re8 30. Qc7 Rxe1+ 31. Rxe1 Bd5 32. Qxa7 Qd3 33. Qb8+
Kh7 34. Qf4 Qxa3 35. Qf5+ Kh8 36. Qc8+ Ng8 37. Qf5 Qxb4 38. Re5 Bc4 39. d5 Qd2
40. Qf3 Qc1+ 41. Kh2 Nf6 42. Qf5 Bd3 43. Qf3 Qc4 44. Kh3 Bf1+ 45. Kh2 Ng4+ 46.
Kg1 Nxe5 47. Qf8+ Kh7 48. Qf5+ Kg8 49. Qxe5 Bd3 50. d6 Be4 51. Kh2 Bc6 52. Qe7
Qd5 53. Kh3 h5 0-1

[Event "XXV Festival Conca della Presolana A"]
[Site "Bratto - Castione della Presolana ITA"]
[Date "2005.08.23"]
[Round "4"]
[White "Mogranzini, Roberto"]
[Black "Cebalo, Miso"]
[Result "0-1"]
[WhiteElo "2363"]
[BlackElo "2511"]
[PlyCount "45"]
[EventDate "2005.08.20"]

1. e4 c5 2. Nc3 Nc6 3. Bb5 Nd4 4. Bc4 e6 5. Nf3 Nf6 6. O-O a6 7. a4 d6 8. d3
Nc6 9. h3 Be7 10. Bf4 b6 11. Re1 Bb7 12. e5 dxe5 13. Nxe5 Nxe5 14. Bxe5 O-O 15.
Qd2 Bd6 16. Qf4 Bxe5 17. Qxe5 Rc8 18. Re3 Qc7 19. Qg5 h6 20. Qh4 Rfd8 21. Qg3
Qxg3 22. Rxg3 Rd6 23. Re3 {...} 0-1

[Event "XXV Festival Conca della Presolana A"]
[Site "Bratto - Castione della Presolana ITA"]
[Date "2005.08.23"]
[Round "4"]
[White "Mosca, Leonildo"]
[Black "Shytaj, Carlo"]
[Result "0-1"]
[WhiteElo "2115"]
[BlackElo "2212"]
[PlyCount "100"]
[EventDate "2005.08.20"]

1. e4 d6 2. d4 Nf6 3. Nc3 g6 4. f4 Bg7 5. Nf3 O-O 6. Bd3 c5 7. dxc5 dxc5 8. O-O
Nc6 9. e5 Ng4 10. h3 Nh6 11. Be3 b6 12. Be4 Bb7 13. Qxd8 Rfxd8 14. Rfd1 Nf5 15.
Bf2 f6 16. Nd5 fxe5 17. fxe5 Nxe5 18. Nxe7+ Nxe7 19. Bxb7 Rab8 20. Rxd8+ Rxd8
21. Nxe5 Bxe5 22. Re1 Rd7 23. Rxe5 Rxb7 24. c3 Kf7 25. Kf1 Nc6 26. Re4 Re7 27.
Rxe7+ Kxe7 28. Ke2 Ke6 29. Bg3 Kd5 30. Ke3 Nd8 31. Bb8 Nc6 32. Bg3 Ne7 33. Bf4
Nf5+ 34. Kf3 Ng7 35. g4 Ne6 36. h4 b5 37. Bd2 c4 38. Be3 a6 39. a3 a5 40. Ba7
a4 41. Bb6 h5 42. Ba7 hxg4+ 43. Kxg4 Ke4 44. Bb8 Kd3 45. Kf3 Kc2 46. Ke4 Kxb2
47. Kd5 Ng7 48. Kc5 Nf5 49. Kxb5 Kb3 50. Bf4 Nxh4 0-1

[Event "XXV Festival Conca della Presolana A"]
[Site "Bratto - Castione della Presolana ITA"]
[Date "2005.08.23"]
[Round "4"]
[White "Ori, Marco"]
[Black "Andreoli, Renato"]
[Result "1-0"]
[WhiteElo "2087"]
[BlackElo "2154"]
[PlyCount "23"]
[EventDate "2005.08.20"]

1. e4 e5 2. Nc3 Nc6 3. Bc4 Nf6 4. d3 Bc5 5. f4 d5 6. Bxd5 Ng4 7. f5 Qh4+ 8. g3
Qh5 9. h3 Bxf5 10. Bxc6+ bxc6 11. exf5 Qxf5 12. Qf3 1-0

[Event "XXV Festival Conca della Presolana A"]
[Site "Bratto - Castione della Presolana ITA"]
[Date "2005.08.23"]
[Round "4"]
[White "Osuna Munoz, Xavier"]
[Black "Marzano, Carlo"]
[Result "1/2-1/2"]
[WhiteElo "2092"]
[BlackElo "2201"]
[PlyCount "110"]
[EventDate "2005.08.20"]

1. e4 Nc6 2. Nc3 Nf6 3. f4 d5 4. e5 d4 5. exf6 dxc3 6. bxc3 exf6 7. Nf3 Bd6 8.
d4 O-O 9. Be2 b6 10. O-O Na5 11. Bd3 Re8 12. Nh4 Bb7 13. Nf5 Bf8 14. Qg4 g6 15.
Ng3 Qd5 16. Qh3 Bg7 17. f5 c5 18. fxg6 fxg6 19. dxc5 Qxc5+ 20. Kh1 Qxc3 21. Bh6
Qc6 22. Bxg7 Kxg7 23. Rf2 Re5 24. Raf1 Rf8 25. Rf4 Qe6 26. Qh4 f5 27. Qg5 Kh8
28. Rh4 Qf6 29. Qh6 Qg7 30. Qg5 f4 31. Rhxf4 Rxg5 32. Rxf8+ Qxf8 33. Rxf8+ Kg7
34. Re8 h5 35. Ne4 Rg4 36. h3 Rf4 37. Nd6 Bd5 38. c4 Nxc4 39. Bxc4 Bxc4 40.
Nxc4 Rxc4 41. Re7+ Kf6 42. Rxa7 Kg5 43. Ra6 Rb4 44. a4 Kf4 45. a5 bxa5 46. Rxa5
g5 47. Kh2 g4 48. hxg4 hxg4 49. Ra3 Rb2 50. Rc3 Rd2 51. Rc4+ Kg5 52. Rc8 Rd4
53. Rg8+ Kf4 54. Rf8+ Kg5 55. Rg8+ Kf4 1/2-1/2

[Event "XXV Festival Conca della Presolana A"]
[Site "Bratto - Castione della Presolana ITA"]
[Date "2005.08.23"]
[Round "4"]
[White "Pace, Pietro Dario"]
[Black "Gardi, Giuseppe"]
[Result "1/2-1/2"]
[WhiteElo "2198"]
[BlackElo "2099"]
[PlyCount "83"]
[EventDate "2005.08.20"]

1. e4 g6 2. d4 Bg7 3. Nc3 c6 4. f4 Qb6 5. Nf3 d5 6. e5 Nh6 7. Be2 Bg4 8. Na4
Qa5+ 9. c3 e6 10. O-O Nf5 11. Nc5 Qc7 12. Nd3 h5 13. Ng5 Bxe2 14. Qxe2 Nd7 15.
Be3 Bf8 16. Kh1 Be7 17. Nf3 c5 18. Rfc1 c4 19. Nf2 b5 20. g3 a5 21. Kg2 Nb6 22.
b3 Kf8 23. h3 Kg7 24. Bd2 a4 25. b4 a3 26. Rc2 Na4 27. Bc1 Nb6 28. Nd1 Qd8 29.
Ne3 Ra7 30. Nxf5+ gxf5 31. Kf2 Qg8 32. Ke3 Kf8 33. Qe1 Rh7 34. h4 Ke8 35. Rg2
Kd7 36. Qf2 Qg6 37. Qc2 Rh8 38. Bd2 Rha8 39. Rag1 Nc8 40. Bc1 Bf8 41. Nd2 Ne7
42. Nf3 1/2-1/2

[Event "XXV Festival Conca della Presolana A"]
[Site "Bratto - Castione della Presolana ITA"]
[Date "2005.08.23"]
[Round "4"]
[White "Palac, Mladen"]
[Black "Brunner, Nicolas"]
[Result "1/2-1/2"]
[WhiteElo "2566"]
[BlackElo "2386"]
[PlyCount "114"]
[EventDate "2005.08.20"]

1. e4 c5 2. Nf3 d6 3. d4 cxd4 4. Nxd4 Nf6 5. Nc3 g6 6. Be3 Bg7 7. f3 O-O 8. Qd2
Nc6 9. O-O-O d5 10. exd5 Nxd5 11. Nxc6 bxc6 12. Bd4 e5 13. Bc5 Be6 14. Ne4 Rb8
15. Bc4 Re8 16. h4 f5 17. Ng5 e4 18. Bb3 Qf6 19. Bd4 Qxd4 20. Qxd4 Bxd4 21.
Rxd4 exf3 22. gxf3 Kg7 23. Nxe6+ Rxe6 24. Bxd5 cxd5 25. Rxd5 Re3 26. Rd7+ Kh6
27. f4 Rbe8 28. Rxa7 R8e4 29. h5 Re1+ 30. Rxe1 Rxe1+ 31. Kd2 Re4 32. hxg6 hxg6
33. a3 Rxf4 34. b4 Rd4+ 35. Ke3 Rd1 36. b5 Rb1 37. c4 g5 38. Ra4 f4+ 39. Kf3
Rb3+ 40. Kg4 Rg3+ 41. Kf5 f3 42. Ra6+ Kg7 43. Rg6+ Kf7 44. Rf6+ Ke7 45. Ke5 g4
46. b6 Rg1 47. b7 Rb1 48. Rf4 Rxb7 49. Rxg4 Rb3 50. a4 Ra3 51. Re4 Rxa4 52.
Kf4+ Kd7 53. Kxf3 Kc6 54. Ke3 Kc5 55. Re5+ Kxc4 56. Re4+ Kb5 57. Rxa4 Kxa4
1/2-1/2

[Event "XXV Festival Conca della Presolana A"]
[Site "Bratto - Castione della Presolana ITA"]
[Date "2005.08.23"]
[Round "4"]
[White "Papa, Angelo"]
[Black "Moncelli, Giorgio"]
[Result "0-1"]
[WhiteElo "1932"]
[BlackElo "2149"]
[PlyCount "82"]
[EventDate "2005.08.20"]

1. d4 Nf6 2. Nf3 g6 3. Nc3 Bg7 4. e4 d6 5. Be3 O-O 6. Qd2 c6 7. Bd3 Nbd7 8. Bh6
e5 9. Bxg7 Kxg7 10. dxe5 Nxe5 11. Nxe5 dxe5 12. O-O Be6 13. Rad1 Qb6 14. Rb1
Rad8 15. Qg5 Rfe8 16. b3 Qc5 17. Ne2 h6 18. Qg3 Bg4 19. Rbe1 Bxe2 20. Rxe2 Qa5
21. a4 Rd4 22. Qe3 Red8 23. f3 a6 24. Qd2 Qc5 25. Kh1 b5 26. axb5 axb5 27. Ra1
Qd6 28. Qe3 Nd7 29. Rd2 Nc5 30. Rad1 Qd7 31. Kg1 Ne6 32. g3 c5 33. c3 Rd6 34.
c4 bxc4 35. bxc4 Nd4 36. Rb2 Nc6 37. Qxc5 Rxd3 38. Rxd3 Qxd3 39. Qxc6 Qxf3 40.
Qd5 Rxd5 41. exd5 Qc3 0-1

[Event "XXV Festival Conca della Presolana A"]
[Site "Bratto - Castione della Presolana ITA"]
[Date "2005.08.23"]
[Round "4"]
[White "Pegoraro, Nicola"]
[Black "Pulvirenti, Gianni"]
[Result "1/2-1/2"]
[WhiteElo "2085"]
[BlackElo "1965"]
[PlyCount "137"]
[EventDate "2005.08.20"]

1. e4 d6 2. d4 g6 3. Nc3 Bg7 4. Be3 Nd7 5. Bc4 e5 6. Nge2 c6 7. a4 Qe7 8. Qd2
Ngf6 9. O-O-O Ng4 10. Bg5 Qxg5 11. Qxg5 Bh6 12. Qxh6 Nxh6 13. f3 Ke7 14. h4 a6
15. Bb3 exd4 16. Nxd4 Nc5 17. Bc4 Be6 18. Nxe6 fxe6 19. b4 Nd7 20. Be2 Rhf8 21.
Rd2 Rfd8 22. Bd3 Ne5 23. Be2 b5 24. Kb2 Nc4+ 25. Bxc4 bxc4 26. Ne2 d5 27. Rhd1
Nf7 28. Kc3 Nd6 29. Nd4 Kd7 30. exd5 exd5 31. Re2 Re8 32. Rde1 Rxe2 33. Rxe2
Re8 34. Rxe8 Nxe8 35. g4 Nc7 36. Kd2 Kd6 37. c3 c5 38. bxc5+ Kxc5 39. f4 Kd6
40. Ke3 Ne8 41. Nc2 Nc7 42. a5 Nb5 43. Kd2 Ke6 44. Nb4 Nc7 45. Ke3 Kd6 46. Ke2
Kc5 47. f5 gxf5 48. gxf5 d4 49. Nxa6+ Nxa6 50. cxd4+ Kd5 51. f6 Ke6 52. Kd2
Kxf6 53. Kc3 Ke6 54. Kxc4 Kd6 55. Kd3 Nb4+ 56. Kc4 Na6 57. Kb5 Nc7+ 58. Kb6 Kd7
59. h5 h6 60. Kb7 Kd6 61. Kc8 Na6 62. Kb7 Nb4 63. Kb6 Kd5 64. Kc7 Nc6 65. a6
Nxd4 66. Kd7 Nc6 67. Kc7 Kc5 68. Kb7 Kd6 69. Kb6 1/2-1/2